000 01261nam a2200229Ia 4500
003 Ost
005 20260507075746.0
008 260507s9999||||xx |||||||||||||| ||und||
020 _a6334232977
040 _cfsecg
041 _aara
082 _a330
100 _aالسيسي، صلاح الدين حسن
_eمؤلف
245 0 _aالإتحاد الأروبي والعملة الأروبية الموحدة"اليورو" والسوق العربية المشتركة :
_bدراسات نظرية وتطبيقية لقضايا إقتصادية معاصرة /
_c صلاح الدين حسن السيسي
260 _aالقاهرة:
_bعالم الكتاب,
_c2002
300 _a131 صفحة؛
_bإيضاحات ؛
_c24 سم
520 _aالإتحاد الأروبي- أوروبا الموحدة- الأثار الإقتصادية للإتحاد النقدي الأروبي- السوق العربية المشتركة الواقع والطموح- التكامل الإقتصادي العربي- منطقة التجارة الحرة العربية الكبرى- السوق العربية المشتركة.
653 _aالإتحاد الأروبي
653 _aالسوق العربية
653 _aالعملة الأروبية
942 _cكتاب
999 _c46192
_d46192